LEADER 02939nam 2200637 450 001 9910453796703321 005 20200520144314.0 010 $a3-486-72124-0 024 7 $a10.1524/9783486721249 035 $a(CKB)2550000001255424 035 $a(EBL)1348574 035 $a(OCoLC)875818566 035 $a(SSID)ssj0001215706 035 $a(PQKBManifestationID)11699853 035 $a(PQKBTitleCode)TC0001215706 035 $a(PQKBWorkID)11179311 035 $a(PQKB)11068669 035 $a(MiAaPQ)EBC1348574 035 $a(DE-B1597)227867 035 $a(OCoLC)979887398 035 $a(DE-B1597)9783486721249 035 $a(Au-PeEL)EBL1348574 035 $a(CaPaEBR)ebr10861390 035 $a(CaONFJC)MIL588210 035 $a(EXLCZ)992550000001255424 100 $a20140430h20132013 uy 0 101 0 $ager 135 $aur|n|---||||| 181 $ctxt 182 $cc 183 $acr 200 10$aGrundlegende experimentiertechnik im physikunterricht /$fvon Prof. Dr. Jan-Peter Meyn 205 $a2., aktualisierte Auflage. 210 1$aMunich, Germany :$cOldenbourg Verlag,$d2013. 210 4$d©2013 215 $a1 online resource (167 p.) 300 $aDescription based upon print version of record. 311 $a3-486-71624-7 311 $a1-306-56959-1 320 $aIncludes bibliographical references and index. 327 $tFront Matter -- $t1 Elektrizitätsquellen -- $t2 Elektrische Messtechnik -- $t3 Magnete -- $t4 Akustik -- $t5 Optik -- $t6 Handwerk -- $t7 Mechanik und Hydrodynamik -- $t8 Wärme -- $t9 Experimente -- $tBack Matter 330 $aExperimente werden im Physikunterricht durchgeführt, um Naturphänomene zu verdeutlichen. Für die Vorbereitung solcher Schülerexperimente steht zwar eine Vielzahl von Lehrbüchern zur Verfügung, doch sieht man sich oft mit dem Problem konfrontiert, dass Physikexperimente schwierig aufzubauen sind oder nicht wie geplant durchgeführt werden können. Dieses Buch schlägt eine Brücke zwischen den rezeptartigen Versuchsbeschreibungen in Lehrmittelsammlungen und vorhandenen Lehrbüchern. Es stellt leicht verständlich spannende aber leicht durchzuführende Experimente aus der Physik vor und leistet wertvolle Hilfe bei der Durchführung. In der 2. Auflage wurden neben speziellen Themen wie der Messung der Lichtgeschwindigkeit auch Lösungen für Alltagsprobleme ergänzt. 606 $aPhysics$xStudy and teaching$xExperiments 606 $aPhysics$xStudy and teaching$vProblems, exercises, etc 608 $aElectronic books. 615 0$aPhysics$xStudy and teaching$xExperiments. 615 0$aPhysics$xStudy and teaching 676 $a530.071 700 $aMeyn$b Jan-Peter$01045638 801 0$bMiAaPQ 801 1$bMiAaPQ 801 2$bMiAaPQ 906 $aBOOK 912 $a9910453796703321 996 $aGrundlegende experimentiertechnik im physikunterricht$92472082 997 $aUNINA LEADER 03604nam 2200493 450 001 9910794121003321 005 20220525201611.0 010 $a3-8498-1626-5 035 $a(CKB)4100000011296905 035 $a(MiAaPQ)EBC6464853 035 $a(Au-PeEL)EBL6464853 035 $a(OCoLC)1235595630 035 $a601294c2-21e8-4753-8787-4196b0dd2d03 035 $a(EXLCZ)994100000011296905 100 $a20220525d2020 uy 0 101 0 $ager 135 $aurcnu|||||||| 181 $ctxt$2rdacontent 182 $cc$2rdamedia 183 $acr$2rdacarrier 200 10$aZwischen Mu?nster und Paris $eGeorg Bernhard Depping 1784-1853 : Gelehrter, Schriftsteller, Journalist /$fBernd Kortla?nder 205 $a1st ed. 210 1$aBielefeld, Germany :$cAisthesis Verlag,$d[2020] 210 4$d©2020 215 $a1 online resource (601 pages) 225 1 $aVero?ffentlichungen der Literaturkommission fu?r Westfalen ;$vv.84 300 $aPublicationDate: 20200609 311 $a3-8498-1539-0 327 $aFrontcover -- Titel -- Impressum -- Inhalt -- Vorbemerkung -- 1. Kapitel: Mu?nster 1784-1803. Kindheit, Schule, Akademie, Reise nach Paris -- 2. Kapitel: Hilfslehrer in Paris. 1804-1807 -- 3. Kapitel: Fortsetzung der Studien. Erste schriftstellerische Versuche. 1803-1813 -- 4. Kapitel: Jugendschriftsteller. Privatgelehrter. Wissenschaftsautor. 1807-1816 -- 5. Kapitel: Paris-Korrespondent unter Napoleon. 1810-1815 -- 6. Kapitel: Mitarbeiter der »Biographie universelle«. 1811-1828 -- 7. Kapitel: Wachsende Anerkennung. Die Jahre 1811 bis 1814 -- 8. Kapitel: Politischer Journalist und Paris-Korrespondent. 1815-1820 -- 9. Kapitel: Arbeit als Editor. 1815-1819 -- 10. Kapitel: Zusammenarbeit mit dem Brockhaus-Verlag. 1816-1834 -- 11. Kapitel: Paris-Korrespondent des »Morgenblattes«. 1821-1829 -- 12. Kapitel: Mitarbeit an der »Revue encyclope?dique«. 1819-1833 -- 13. Kapitel: Redakteur am »Bulletin universel«. 1824-1830 -- 14. Kapitel: Geographischer Schriftsteller. 1820-1829 -- 15. Kapitel: Historische Forschungen. Die Preisschriften fu?r die Akademie -- 16. Kapitel: Private Lebensumsta?nde -- 17. Kapitel: Das Jahr 1830 -- 18. Kapitel: Mitarbeiter der Zeitung »Le Temps«. 1831-1836 -- 19. Kapitel: Paris-Korrespondent des »Morgenblattes«. 1830-1839 -- 20. Kapitel: Der Kampf um Anerkennung. 1832-1839 -- 21. Kapitel: Verschiedene Nachschlagewerke -- 22. Kapitel: Historische Forschungen -- 23. Kapitel: Zeitschriften. Zeitungen. Gesellschaften -- 24. Kapitel: Private Lebensumsta?nde -- 25. Kapitel: Historische Forschung -- 26. Kapitel: Paris-Korrespondent des »Morgenblattes«. 1840-1850 -- 27. Kapitel: Paris-Korrespondent der »Ko?lnischen Zeitung«. 1840-1843 -- 28. Kapitel: Aufsa?tze. U?berarbeitungen. Lexikonartikel. Jahrbu?cher -- 29. Kapitel: Private Lebensumsta?nde -- 30. Kapitel: Tod. Nachlass. Nachrufe. Nachwirkung -- Nachbemerkung -- Anhang -- Benutzte Archive. 327 $aBibliographie -- Benutzte Forschungsliteratur -- Namensregister -- Backcover. 330 $aLong description: Georg Bernhard Depping 1784-1853 Gelehrter, Schriftsteller, Journalist 410 0$aVero?ffentlichungen der Literaturkommission fu?r Westfalen 606 $aHistorians 607 $aParis (France)$xDescriptions and travels$y19th century 615 0$aHistorians. 676 $a943.007202 700 $aKortla?nder$b Bernd$0457132 801 0$bMiAaPQ 801 1$bMiAaPQ 801 2$bMiAaPQ 906 $aBOOK 912 $a9910794121003321 996 $aZwischen Mu?nster und Paris$93750102 997 $aUNINA LEADER 00962nam0 22002771i 450 001 UON00231450 005 20231205103504.162 010 $a86-7388-186-2 100 $a20030730d1999 |0itac50 ba 101 $asrp 102 $aRS 105 $a|||| 1|||| 200 1 $aKuda ide Crna Gora$fGavro Perazi? 210 $aBeograd$cVerzalpress$d1999 215 $a365 p.$d21 cm. 606 $aMONTENEGRO$xStoria$3UONC010555$2FI 620 $aRS$dBelgrado$3UONL001000 676 $a949.745$cMontenegro Storia$v21 700 1$aPERAZI?$bGavro$3UONV140299$0687184 712 $aVERZALPRESS$3UONV269166$4650 801 $aIT$bSOL$c20240220$gRICA 899 $aSIBA - SISTEMA BIBLIOTECARIO DI ATENEO$2UONSI 912 $aUON00231450 950 $aSIBA - SISTEMA BIBLIOTECARIO DI ATENEO$dSI EO DUOMO XIV 0155 $eSI EO 33715 5 0155 996 $aKuda ide Crna Gora$91272736 997 $aUNIOR